000 03087cam a2200349 a 4500
001 17455003
005 20201128024012.0
008 120906s2013 nyua frbd 001 0 eng d
010 _a 2012027968
020 _a9780071784115 (hbk. : alk. paper)
020 _a007178411X (hbk. : alk. paper)
040 _aDLC
_beng
_cDLC
_dDLC
_dEG-ScBUE
042 _apcc
082 0 4 _222
_a658.202
_bPAL
100 1 _aPalmer, Doc.
_941679
245 1 0 _aMaintenance planning and scheduling handbook /
_cDoc Palmer.
250 _a3rd ed.
260 _aNew York :
_bThe McGraw-Hill Companies, Inc.,
_cc.2013.
300 _axxxix, 861 p. :
_bill. ;
_c25 cm.
500 _aIndex : p. 845-861.
500 _aGlossary : p. 835-838.
504 _aBibliography : p. 839-841.
505 _aPrologue: a day in the life, May 10, 2020 -- The business case for the benefit of planning (why do planning?) -- Planning principles (what makes planning so frustrating and what makes it work?) -- Scheduling principles (why do we have to do scheduling and what makes it work?) -- Success only after dealing with reactive maintenance (what if something breaks?) -- Basic planning (let's plan a work order) -- Advance scheduling (let's create a schedule) -- Daily scheduling and supervision (what should the supervisor be doing?) -- Forms and resources overview (tools that planners use) -- The computer in maintenance (how a computer can help and hinder planning) -- How planning interacts with preventive maintenance, predictive maintenance, and project work -- Control (how do we control planning itself and what are associated KPIs for planning and overall maintenance?) -- Shutdown, turnaround, overhaul, and outage management -- Conclusion: start planning -- Epilogue: an alternative day in the life, May 10, 2020 -- Planning is just one tool; what are the other tools needed? -- The people side of planning -- What to buy and where -- Sample forms and work orders -- Overview of duties for planners and others -- DIY (do it yourself) wrench time study, quick and easy in-house -- Sample work sampling (wrench time) study: "ministudy" -- Sample work sampling (wrench time) study: full-blown study -- Special factors affecting productivity -- Work order system and codes -- Equipment schematics and tagging -- Computerized maintenance management systems and scheduling with excel spreadsheets -- Establishing and supporting a planning group (barriers and aids to success) -- Example formal job description for planners -- Example training tests -- Questions for managers to ask to improve maintenance planning -- Contracting out work -- Concise text of missions, principles, and guidelines.
520 _aFully updated and revised throughout, this is a new edition of the bestselling blockbuster that set the industry standard for maintenance planning.
590 _aWessam
650 7 _aProduct life cycle.
_2BUEsh
_941678
650 7 _aProduction management.
_2BUEsh
_91855
651 _2BUEsh
653 _bENGGEN
_cNovember2016
653 _bENGMEC
_cNovember2016
942 _2ddc
_e22
_k658.202 PAL
999 _c23216
_d23188